| 000 | 00000nas 2200000za 4500 |
| 001 | 9.500315 |
| 003 | CaOODSP |
| 005 | 20250618104810 |
| 007 | cr ||||||||||| |
| 008 | 150406c20059999oncar p o|ss|f0 a0eng|d |
| 022 | |a1715-0329 |
| 040 | |aCaOODSP|beng |
| 041 | |aeng|afre |
| 043 | |an-cn--- |
| 086 | 1 |aCS92-0009-PDF |
| 086 | 1 |aCS92-0009E-PDF |
| 130 | 0 |aInterim list of changes to municipal boundaries, status and names (Online) |
| 222 | 0|aInterim list of changes to municipal boundaries, status and names |b(Online) |
| 245 | 00|aInterim list of changes to municipal boundaries, status, and names |h[electronic resource] : |bgeography products, geographic reference products = Liste intérimaire des changements aux limites municipales, statut et noms : produits de la géographie, produits de référence géographique. |
| 246 | 3 |aInterim list of changes to municipal boundaries, status, and names (geography products, geographic reference products) |
| 246 | 31|aListe intérimaire des changements de limites municipales, statut et noms |
| 260 | |a[Ottawa] : |bStatistics Canada = Statistique Canada, |c2005- |
| 310 | |aAnnual |
| 362 | 1 |aBegan with January 2, 2004 to January 1, 2005. |
| 520 | 3 |aProvides summary of changes to municipal boundaries, status and names. The list is produced on an annual basis for changes that occurred during the previous year. |
| 530 | |aIssued also in print and on microfiche. |
| 546 | |aText in English and French, 2005-2008; text in English only, 2009- |
| 550 | |aIssued by: Geography Division. |
| 692 | 07|2gccst|aDemographic statistics |
| 692 | 07|2gccst|aPopulation |
| 710 | 2 |aStatistics Canada. |
| 775 | 08|tListe intérimaire des changements aux limites municipales, statut et noms |w(CaOODSP)9.502449 |
| 792 | |tInterim list of changes to municipal boundaries, status and names |efre|w(CaOODSP)9.500316 |